000 00199nam a2200097Ia 4500
008 170619s9999 xx 000 0 und d
100 _aDUGGAL S K
245 0 _aSURVEYING
260 _bt m h
260 _c2009
546 _aENGLISH
999 _c19086
_d19086